Asian Country A-Z Blitz Quiz Stats

Quiz Updated Jan 15, 2015

Challenge
Share
Tweet
Embed
Score 0/19 Timer 01:00
4 Plays Today
A-Z Country % Correct
CChina ...
95.4%
IIndia ...
93.1%
JJapan ...
88.2%
AArmenia ...
84.6%
MMongolia ...
82%
BBhutan ...
81.3%
LLaos ...
80.2%
OOman
78.5%
SSyria ...
77.4%
TTurkey ...
76.9%
A-Z Country % Correct
NNepal ...
76.1%
QQatar
75.9%
YYemen
73.1%
PPakistan ...
71.4%
KKyrgyzstan ...
69.8%
VVietnam
64.7%
UUzbekistan ...
62.3%
RRussia
56.1%
GGeorgia
51.1%

You're not logged in!

Compare scores with friends on all Sporcle quizzes.
Sign Up with Email
OR
Log In

You Might Also Like...

Show Comments

Extras

Top Quizzes Today


Score Distribution

Your Account Isn't Verified!

In order to create a playlist on Sporcle, you need to verify the email address you used during registration. Go to your Sporcle Settings to finish the process.